Southville International School and Colleges
Your cart is empty.
  • Cart
  • Lists
    Public lists Eva Luna New books Lux_list list_1
    Your lists Log in to create your own lists
  • Log in to your account
  • Your cookies
  • Search history
Southville International School and Colleges
  • Advanced search
  • Recent comments
  • Most popular
  • Libraries

Log in to your account

Log in with GOOGLE


If you do not have an external account, but do have a local account, you can still log in:

  1. Home
  2. MARC view: Quality means survival :
Normal view MARC view ISBD view

Quality means survival : (Record no. 18190)

[ view plain ]
MARC details
000 -LEADER
fixed length control field 00534nam a22001937a 4500
003 - CONTROL NUMBER IDENTIFIER
control field OSt
005 - DATE AND TIME OF LATEST TRANSACTION
control field 20140310183007.0
008 - FIXED-LENGTH DATA ELEMENTS--GENERAL INFORMATION
fixed length control field 130211t xxu||||| |||| 00| 0 eng d
020 ## - INTERNATIONAL STANDARD BOOK NUMBER
International Standard Book Number 0136267807
050 ## - LIBRARY OF CONGRESS CALL NUMBER
Classification number HD 31
Item number .D713 19--
100 ## - MAIN ENTRY--PERSONAL NAME
Personal name Domingo, Rene T.
245 ## - TITLE STATEMENT
Title Quality means survival :
Statement of responsibility, etc Rene T. Domingo
Remainder of title caveat vendidor, let the seller beware /
260 ## - PUBLICATION, DISTRIBUTION, ETC. (IMPRINT)
Place of publication, distribution, etc Singapore
Name of publisher, distributor, etc Prentice Hall
Date of publication, distribution, etc 1997
300 ## - PHYSICAL DESCRIPTION
Extent 357 p. :
Dimensions 24 cm.
521 ## - TARGET AUDIENCE NOTE
Target audience note
650 ## - SUBJECT ADDED ENTRY--TOPICAL TERM
Topical term or geographic name as entry element Quality control.
942 ## - ADDED ENTRY ELEMENTS (KOHA)
Source of classification or shelving scheme Library of Congress Classification
Koha item type Books
Call number prefix Local
Holdings
Withdrawn status Lost status Source of classification or shelving scheme Damaged status Home library Current library Shelving location Date acquired Total Checkouts Full call number Barcode Date last seen Copy number Price effective from Koha item type
    Library of Congress Classification   College Library College Library General Circulation Section 12/05/2013   HD 31 .D713 19-- C0065 05/15/2018 1 12/05/2013 Books

Quality means survival :

APA

Domingo R. T., . (1997). Quality means survival. Singapore: Prentice Hall.

Chicago

Domingo Rene T, . 1997. Quality means survival. Singapore: Prentice Hall.

Harvard

Domingo R. T., . (1997). Quality means survival. Singapore: Prentice Hall.

MLA

Domingo Rene T, . Quality means survival. Singapore: Prentice Hall. 1997.

  • Place hold
  • Print
  • Cite
  • Add to your cart (remove)
  • Save record
    BIBTEX Dublin Core MARCXML MARC (non-Unicode/MARC-8) MARC (Unicode/UTF-8) MARC (Unicode/UTF-8, Standard) MODS (XML) RIS
  • More searches
    Search for this title in:
    Other Libraries (WorldCat) Other Databases (Google Scholar) Online Stores (Bookfinder.com) Open Library (openlibrary.org)

Exporting to Dublin Core...

SOUTHVILLE LIBRARY

Southville International School and Colleges Library

1281 Tropical Ave. Cor. Luxembourg St., BF Homes International, Las Pinas City

Tel. No. 8256374 / 252358 Loc. 117/146

Powered by Koha